Josh Allen - Statistics

General Stats
  • This quiz has been taken 34 times
  • The average score is 9 of 15
Answer Stats
Question Answer % Correct
What team was Josh drafted to? Buffalo Bills
86%
Who is Josh Allen married to? Hailee Steinfeld
86%
What teams has Josh been on? Only the Bills
86%
When was Josh Allen drafted 2018
81%
What two colleges did Josh Allen go to? University of Wyoming and Reedley College
81%
What year was Josh Allen the league MVP? 2024
67%
Which of these players have been on Josh Allen's NFL team? Taylor Rapp and Dalton Kincaid
67%
What pick overall was Josh Allen in the draft? 7th pick overall
62%
When is Josh Allen's birthday? May 21st, 1996
52%
Where was Josh Allen born? Firebaugh, California
48%
What degree did Josh Allen graduate with? Social Science Degree
38%
What was Josh Allen's completion percentage in the 2025 season? 69.3%
29%
How many career rushing touchdowns does Josh Allen have? (as of the end of the 2025 season) 79
29%
The 2026 NFL season will be Josh's ___ season in the NFL 10th
24%
When did they get married? May 31st 2025
19%
No matching quizzes found
Score Distribution
Percent of People with Each Score
Percentile by Number Answered
Your Score History
You have not taken this quiz